| 000 | 00539nam a2200181Ia 4500 | ||
|---|---|---|---|
| 003 | OSt | ||
| 005 | 20240401101729.0 | ||
| 008 | 210210b1954 xxu||||| |||| 00| 0 eng d | ||
| 040 | _cAL | ||
| 041 | _aKannada | ||
| 082 | _a856/44 | ||
| 100 |
_aNARASIMHAYYA (R L) ನರಸಿಂಹಯ್ಯ ಆರ್ ಎಲ್ _9157446 |
||
| 245 | _aNakshatra darshana ನಕ್ಷತ್ರ ದರ್ಶನ | ||
| 260 |
_aBengaluru _bKannada Sahitya Parishattu _c1954 |
||
| 690 |
_aKannada Miscellaneous _9157447 |
||
| 906 | _a020295 | ||
| 942 |
_2ddc _cBK |
||
| 999 |
_c144447 _d144447 |
||